Memorias del general Miller al servicio de la República del Perú : (Record no. 22715)

000 -CABECERA
fixed length control field 01188nam a22002777i 4500
003 - IDENTIFICADOR DEL NÚMERO DE CONTROL
control field AR-CdUCM
008 - DATOS DE LONGITUD FIJA--INFORMACIÓN GENERAL
fixed length control field 231006b20212021pe ||||| |||| 001 0 spa d
020 ## - NÚMERO INTERNACIONAL ESTÁNDAR DEL LIBRO
ISBN 978-612-48745-4-3
040 ## - FUENTE DE LA CATALOGACIÓN
Agencia/entidad que catalogó originalmente la obra MUNICIPALIDAD PROVINCIAL DEL CUSCO
Entidad que transcribió la catalogación BIBLIOTECA MUNICIPAL DEL CUSCO
082 ## - NÚMERO DE LA CLASIFICACIÓN DECIMAL DEWEY
No. de Clasificación 985.04 / M653
Notacion interna M653
100 ## - ENTRADA PRINCIPAL--NOMBRE DE PERSONA
Nombre Personal Miller, John
245 ## - MENCIÓN DE TÍTULO
Título Memorias del general Miller al servicio de la República del Perú :
Resto del título Lecturas de la Independencia /
260 ## - PUBLICACIÓN, DISTRIBUCIÓN, ETC.
Lugar de publicación, distribución, etc. Lima :
Nombre de la editorial, distribuidor, etc. Proyecto Especial del Bicentenario de la Independencia del Perú,
Fecha de publicación, distribución, etc. 2021.
300 ## - DESCRIPCIÓN FÍSICA
Nº de Páginas Extensión 364 páginas. :
Dimensiones 20 cm.
500 ## - NOTA GENERAL
Bibliografía Bibliografía: página 365
505 ## - NOTA DE CONTENIDO CON FORMATO
Nota de contenido formateada Lectura de la independencia -- Miller al servicio de Buenos Aires -- Salida al Collao -- El ejercito libertador del Perú -- Miller en Arequipa, batalla de Juni y Ayacucho -- Consecuencias de la capitulación de Ayacucho
650 ## - PUNTO DE ACCESO ADICIONAL DE MATERIA--TÉRMINO DE MATERIA
Descriptor Guillermo Miller
9 (RLIN) 49122
650 ## - PUNTO DE ACCESO ADICIONAL DE MATERIA--TÉRMINO DE MATERIA
Descriptor Patriotas en el Cusco
9 (RLIN) 49123
650 ## - PUNTO DE ACCESO ADICIONAL DE MATERIA--TÉRMINO DE MATERIA
Descriptor Bolívar en Perú
9 (RLIN) 49124
650 ## - PUNTO DE ACCESO ADICIONAL DE MATERIA--TÉRMINO DE MATERIA
Descriptor Toma de Valdivia
9 (RLIN) 49125
650 ## - PUNTO DE ACCESO ADICIONAL DE MATERIA--TÉRMINO DE MATERIA
Descriptor Expedición de Cochrane
9 (RLIN) 49126
856 ## - LOCALIZACIÓN Y ACCESO ELECTRÓNICOS
Dirección electrónica www.bicentenario.gob.pe
942 ## - ELEMENTOS DE PUNTO DE ACCESO ADICIONAL (KOHA)
Fuente de clasificación
Tipo de item Libros-BMC
945 ## - PROCESAMIENTO DE INFORMACIÓN LOCAL (OCLC)
Catalogador pebm
AAAA-MM-DD - Fecha de ingreso o modificacion 2023-10-06
Holdings
Estado de retiro (separado) Fuente de clasificación o esquema de estanterías Estado dañado Ubicación Sala donde se ubica Nombre de la colección Fecha de adquisición o compra Fuente de adquisición Costo, precio normal en soles Signatura topográfica Código de Barras Última vez visto (Koha) Tipo de ítem (Koha)
No     Sala Humanidades Sala Humanidades Book Cart 2023-10-06 Donación 20.00 985.04 / M653 SH0000016546 2023-10-06 Libros-BMC

Powered by Koha